000 00489nam a2200181 a 4500
001 1770972691784
003 YourLibrary
005 20260213142432.0
008 260213s2009##################000#0#eng##
020 _a9780230580916
082 0 4 _a305.56094
_bRAN
100 1 _aRanci, Costanzo,
_eauthor.
245 1 0 _aSocial Vulnerability in Europe :
260 _bPalgrave Macmillan,
_c2009.
650 0 _aPolitical Science.
942 _cENGLISH
040 _aYourLibrary
_beng
_cYourLibrary
999 _c612392
_d612392